000 00701nam a2200193 u 4500
001 000025079
005 20200930023542.0
008 110209s1975 ag r 000 0 spa d
040 _aDO-SdBNP
_bspa
_cBNPHU
082 _ann*
_bnn*
100 1 _aKautsky, Karl.
_948255
245 1 0 _aEtica y concepción materialista de la historia /
_cKarl Kautsky.
260 _aCórdoba, Argentina :
_bPasado y Presente,
_c1975.
300 _a196 p. ;
_c20 cm.
490 1 _aCuadernos de Pasado y Presente. Problemas del marxismo
_v58
500 _aInclye referencias bibliográficas y notas al pie de las páginas.
830 0 _aCuadernos de Pasado y Presente.
_pProblemas del marxismo,
_v58
_951465
049 _aBNGR
999 _c24572
_d24572